00337nam a2200133Ia 4500008004000000020001800040082001700058100002100075245003900096250000500135260002500140300001200165650002600177210210b1975 xxu||||| |||| 00| 0 eng d a0 7131 3287 6 a620.004 CHAW aCHAPMAN (W A J). aWorkshop technology. Part I. Ed 5. a aLondon.bELBS,c1975 axvi,410 aWorkshop Technology